|
|
|
|
| LEADER |
01003nkm a2200265 a 4500 |
| 001 |
000660689 |
| 003 |
CZ BrMZK |
| 005 |
20110129124540.0 |
| 007 |
kf bo |
| 008 |
021213q19001999xr g cncze d |
| 040 |
|
|
|a BOA001
|b cze
|
| 080 |
|
|
|a 929
|2 MRF
|
| 080 |
|
|
|a 77.041.5
|2 MRF
|
| 245 |
0 |
0 |
|a [Jaroslav Průcha]
|h [grafika]
|
| 260 |
|
|
|a [Praha :
|b ČTK,
|c 19--?]
|
| 300 |
|
|
|a 1 fotografie ;
|c 21 x 15 cm
|
| 500 |
|
|
|a Portrét
|
| 500 |
|
|
|a Jaroslav Průcha se narodil ve Skvrňanech (nyní součást Plzně), působil též v Olomouci a v Brně, zemřel v Praze
|
| 500 |
|
|
|a Text na fotografii: "Herec a režisér, národní umělec Jaroslav Průcha ..."
|
| 600 |
1 |
7 |
|a Průcha, Jaroslav,
|d 1898-1963
|7 jk01101422
|2 czenas
|
| 655 |
|
7 |
|a portréty
|7 fd133099
|2 czenas
|
| 856 |
4 |
1 |
|u https://imageserver.mzk.cz/mzk01/000/660/689/2610470512
|y Digitalizovaný dokument (klikněte pro zobrazení)
|
| 910 |
|
|
|a BOA001
|b Gr1-1259.626
|
| 990 |
|
|
|a GP
|
| 994 |
|
|
|a UP
|l MZK01
|b 000658108
|m třetí portrét
|n první portrét
|